01645nam a2200277 a 450000100100000000500170001000800410002702000310006804000250009908200200012410000510014424501610019524602120035626000920056830000340066050000730069450502480076750400320101550000240104753400970107165000270116865000460119565000430124170000280128474000550131200004245720201002040153.0131203s2010 mx 000 0 spa d a9788483471104 (obra comp.) aDO-SdBNPbspacBNPHU a495.68242bO98a1 aOyanguren de Santa Inés, Melchord1688-1747)10aArte de la lengua japona (1738) ;bTagalysmo elucidado 1742 ; Arte Chínico (1742) /cMelchor Oyanguren de Santa Inés ; estudio a cargo de Otto Zwartjes.14aArte de la lengua japona :bdividido en quatro libros según el arte de Nebrixa, con algunas voces proprias de la escritura, y otras de los lenguajes de Ximo, y del Cami, y con algunas perifrases, y figuras aMadrid :bAngencia Española de Cooperación Internacional para el Desarrollo,c2010. a227p., [8] h. pleg. ;c20 cm. aIncluye referencias bibliográficas y notas al pie de las páginas0 aV. 1: Arte de la lengua japona dividido en quatro libros segun el arte de Nebrixa..(1738) --tV. 2: Tagalismo elucidado y reducido en lo posible a la latinidad de Nebrija...(1742) --tV. 3: Arte chinico(1743). Estudio a cargo de Otto Zwartjes. aBibliografía p. : 151-181 aGuardado en estuche aTagalysmo elucidadobFascímilcMéxico : Imprenta de D. Francisco Xavier Sánchez, 1742. 4aJaponésxGramática 4aJaponés (lengua)xGramática comparada 4aTagalo (lengua)xGramática comparada12aZwartjes, Ottoeestudio2 aTagalysmo elucidado (1742) y arte chínico (1742)